000 00299nam a22001337a 4500
008 171129b xxu||||| |||| 00| 0 eng d
020 _a9781133953012
041 _aeng
080 _a33
100 _a58
101 _aBUS
245 _aSMALL BUSINESS MANAGEMENT
_cLONGENECKER,J.G
942 _2udc
_cBK
999 _c38615
_d38615